[Event "IX Open Vallee d'Aoste A"]
[Site "Saint Vincent - Chatillon ITA"]
[Date "2001.02.03"]
[Round "1"]
[White "Godena, Michele"]
[Black "Lo Curto, Emanuele"]
[Result "1-0"]
[WhiteElo "2494"]
[BlackElo "2106"]
[PlyCount "69"]
[EventDate "2001.02.03"]

1. e4 c5 2. Nf3 d6 3. Bc4 e6 4. O-O Nc6 5. d3 Nge7 6. Bb3 g6 7. c3 Bg7 8. Re1
O-O 9. d4 b6 10. Na3 cxd4 11. cxd4 d5 12. e5 f6 13. exf6 Bxf6 14. Bh6 Rf7 15.
Ba4 a6 16. Bg5 Bd7 17. Bxf6 Rxf6 18. Bxc6 Nxc6 19. Nc2 Qc7 20. Rc1 Qf4 21. Re3
Raf8 22. Nce1 Qb8 23. Nd3 Kg7 24. Qe1 a5 25. Nde5 Nxe5 26. Nxe5 Qd6 27. f3 Rc8
28. Rxc8 Bxc8 29. Rc3 Bb7 30. Qc1 Ba6 31. h3 Kg8 32. Rc7 Rf5 33. Rd7 Qb4 34.
Qh6 Qxd4+ 35. Kh1 1-0

[Event "IX Open Vallee d'Aoste A"]
[Site "Saint Vincent - Chatillon ITA"]
[Date "2001.02.03"]
[Round "1"]
[White "Lalic, Bogdan"]
[Black "Ciuffoletti, Paolo"]
[Result "1-0"]
[WhiteElo "2536"]
[BlackElo "2187"]
[PlyCount "57"]
[EventDate "2001.02.03"]

1. c4 g6 2. d4 Bg7 3. g3 d6 4. Nf3 e5 5. Nc3 Nc6 6. d5 Nce7 7. e4 Nf6 8. Bg2
O-O 9. O-O a6 10. Ne1 c5 11. Nd3 Ne8 12. f4 exf4 13. Bxf4 f6 14. h4 Bd7 15. a4
b6 16. Qd2 Kh8 17. Rab1 a5 18. b3 Ng8 19. Nb5 Qe7 20. Be3 Bxb5 21. cxb5 Nc7 22.
Nb2 Rfe8 23. Nc4 Rab8 24. Rbe1 Qd8 25. g4 Bf8 26. g5 fxg5 27. Rf7 Bg7 28. Bxg5
Ne7 29. e5 1-0

[Event "IX Open Vallee d'Aoste A"]
[Site "Saint Vincent - Chatillon ITA"]
[Date "2001.02.03"]
[Round "1"]
[White "Lputian, Smbat G."]
[Black "Cocchi, Andrea"]
[Result "1-0"]
[WhiteElo "2607"]
[BlackElo "2258"]
[PlyCount "59"]
[EventDate "2001.02.03"]

1. d4 g6 2. Nf3 Bg7 3. c4 d6 4. g3 Nd7 5. Bg2 e5 6. Nc3 Ne7 7. O-O O-O 8. e4 h6
9. Be3 f5 10. dxe5 dxe5 11. Qc1 f4 12. gxf4 exf4 13. Bxf4 g5 14. Bg3 c6 15. Rd1
Ng6 16. Nd4 Qf6 17. Nf5 Nde5 18. Rd6 Qf7 19. Ne2 Bxf5 20. exf5 Qxf5 21. Nd4 Qf7
22. Ne6 Qe7 23. c5 Rf6 24. Nxg7 Kxg7 25. Qe3 Re8 26. Rad1 Nf3+ 27. Kh1 Qxe3 28.
fxe3 Nfh4 29. Rxf6 Kxf6 30. Rf1+ 1-0

[Event "IX Open Vallee d'Aoste A"]
[Site "Saint Vincent - Chatillon ITA"]
[Date "2001.02.03"]
[Round "1"]
[White "Polak, Tomas"]
[Black "Caruso, Daniele"]
[Result "1-0"]
[WhiteElo "2505"]
[BlackElo "2113"]
[PlyCount "61"]
[EventDate "2001.02.03"]

1. d4 Nf6 2. c4 c5 3. d5 e6 4. Nc3 exd5 5. cxd5 d6 6. Nf3 g6 7. h3 Bg7 8. e4
O-O 9. Bd3 Bd7 10. O-O b5 11. Re1 Re8 12. a3 c4 13. Bc2 Na6 14. Be3 Qc7 15. Qd2
Nc5 16. Bd4 a5 17. e5 dxe5 18. Bxe5 Qb6 19. Qd4 Ra6 20. Re3 Rc8 21. d6 Ne6 22.
Qxb6 Rxb6 23. Bxf6 Bxf6 24. Nd5 Bd8 25. Nxb6 Bxb6 26. Re2 Rc6 27. Rd1 f6 28.
Be4 Rc8 29. Bd5 Kf7 30. Bxe6+ Bxe6 31. d7 1-0

[Event "IX Open Vallee d'Aoste A"]
[Site "Saint Vincent - Chatillon ITA"]
[Date "2001.02.03"]
[Round "1"]
[White "Romanishin, Oleg M."]
[Black "Sanchez, Joseph"]
[Result "1-0"]
[WhiteElo "2559"]
[BlackElo "2193"]
[PlyCount "81"]
[EventDate "2001.02.03"]

1. Nf3 d5 2. d4 c6 3. c4 Nf6 4. e3 e6 5. Nbd2 Nbd7 6. Bd3 a6 7. O-O Be7 8. e4
dxc4 9. Nxc4 b5 10. Ne3 Nb6 11. Qc2 Bb7 12. Bd2 Rc8 13. b4 h6 14. Rfd1 O-O 15.
Rac1 Na4 16. Qb1 a5 17. bxa5 Ba3 18. Rc2 Qe7 19. e5 Nd5 20. Nxd5 exd5 21. Re1
b4 22. a6 Ba8 23. Bf5 Rb8 24. e6 Nc3 25. Bxc3 bxc3 26. exf7+ Qxf7 27. Qxb8 Rxb8
28. Be6 Qxe6 29. Rxe6 Bb4 30. a7 Rc8 31. Re1 c5 32. dxc5 Kf7 33. Rb1 Ba5 34.
Rb8 Re8 35. Rxe8 Kxe8 36. a3 Kd7 37. Nd4 Kc8 38. Re2 Kb7 39. Re7+ Ka6 40. Rxg7
Bd8 41. Rg8 1-0

[Event "IX Open Vallee d'Aoste A"]
[Site "Saint Vincent - Chatillon ITA"]
[Date "2001.02.03"]
[Round "1"]
[White "Sermek, Drazen"]
[Black "Rodriguez Alvarez, Alan"]
[Result "1-0"]
[WhiteElo "2515"]
[BlackElo "1875"]
[PlyCount "24"]
[EventDate "2001.02.03"]

1. e4 c5 2. c3 Nf6 3. e5 Nd5 4. Nf3 g6 5. d4 cxd4 6. cxd4 Bg7 7. Qb3 Nb6 8. a4
d6 9. Bb5+ Nc6 10. d5 a6 11. dxc6 axb5 12. cxb7 bxa4 1-0

[Event "IX Open Vallee d'Aoste A"]
[Site "Saint Vincent - Chatillon ITA"]
[Date "2001.02.03"]
[Round "1"]
[White "Sidorova, Elena"]
[Black "Palac, Mladen"]
[Result "0-1"]
[WhiteElo "2219"]
[BlackElo "2590"]
[PlyCount "78"]
[EventDate "2001.02.03"]

1. d4 Nf6 2. c4 g6 3. Nc3 d5 4. Bg5 Ne4 5. Bh4 Nxc3 6. bxc3 dxc4 7. e3 Be6 8.
Rb1 b6 9. Be2 Bg7 10. Bf3 Bd5 11. e4 Bb7 12. Qa4+ Qd7 13. Qxc4 c5 14. d5 e5 15.
Be2 O-O 16. Qb5 f5 17. Bc4 Qxb5 18. Bxb5 a6 19. Bd3 fxe4 20. Bc4 b5 21. d6+
bxc4 22. Rxb7 Rf7 23. Rxf7 Kxf7 24. Ne2 Nd7 25. Kd1 Bf6 26. Bxf6 Nxf6 27. Ng3
Ke6 28. Re1 Rf8 29. h3 Kxd6 30. Kc2 Kc6 31. Rb1 h5 32. h4 e3 33. f3 e4 34. fxe4
Ng4 35. Re1 Kd6 36. Kd1 Ke5 37. Rf1 Rd8+ 38. Ke2 Rd2+ 39. Ke1 Nf2 0-1

[Event "IX Open Vallee d'Aoste A"]
[Site "Saint Vincent - Chatillon ITA"]
[Date "2001.02.03"]
[Round "1"]
[White "Vera Gonzalez-Quevedo, Reynaldo"]
[Black "Valenti, Giuseppe"]
[Result "1-0"]
[WhiteElo "2562"]
[BlackElo "2206"]
[PlyCount "53"]
[EventDate "2001.02.03"]

1. d4 Nf6 2. Nf3 b6 3. g3 Bb7 4. Bg2 e6 5. O-O Be7 6. c4 O-O 7. Nc3 d5 8. Ne5
Na6 9. Bf4 c5 10. Rc1 Rc8 11. dxc5 Nxc5 12. cxd5 exd5 13. Nb5 a6 14. Nd4 Bd6
15. Bh3 Rc7 16. Nd3 Re8 17. Bxd6 Qxd6 18. Nf4 g6 19. Rc2 Bc8 20. Bg2 Bd7 21.
Qb1 Rec8 22. Rd1 Nce4 23. Rxc7 Rxc7 24. Qd3 Bc8 25. Nb3 Bb7 26. Bxe4 Nxe4 27.
Qxe4 1-0

[Event "IX Open Vallee d'Aoste A"]
[Site "Saint Vincent - Chatillon ITA"]
[Date "2001.02.03"]
[Round "1"]
[White "Volzhin, Alexander"]
[Black "Delanoy, Arnaud"]
[Result "1/2-1/2"]
[WhiteElo "2542"]
[BlackElo "2192"]
[PlyCount "35"]
[EventDate "2001.02.03"]

1. d4 d5 2. c4 dxc4 3. e3 c5 4. Bxc4 cxd4 5. exd4 Qc7 6. Be2 Nf6 7. Nc3 e6 8.
Nf3 Be7 9. O-O O-O 10. Ne5 Nd5 11. Nxd5 exd5 12. Bf4 Qb6 13. Bd3 Nc6 14. Qh5 g6
15. Nxg6 hxg6 16. Bxg6 fxg6 17. Qxg6+ Kh8 18. Qh6+ 1/2-1/2

[Event "IX Open Vallee d'Aoste A"]
[Site "Saint Vincent - Chatillon ITA"]
[Date "2001.02.04"]
[Round "2"]
[White "Arencibia Rodriguez, Walter"]
[Black "Tatai, Stefano"]
[Result "1-0"]
[WhiteElo "2534"]
[BlackElo "2352"]
[PlyCount "103"]
[EventDate "2001.02.03"]

1. Nf3 Nf6 2. b3 d5 3. Bb2 Bg4 4. e3 c6 5. d3 Nbd7 6. Nbd2 e6 7. Be2 Be7 8. h3
Bxf3 9. Bxf3 O-O 10. O-O a5 11. a3 Re8 12. g4 h6 13. Bg2 e5 14. Kh1 Bf8 15. Qe2
Qc7 16. Rg1 Nc5 17. Raf1 Nh7 18. Qd1 e4 19. Qe2 Rad8 20. dxe4 Nxe4 21. Nxe4
dxe4 22. Rd1 Bd6 23. Rd4 Be5 24. Rxd8 Qxd8 25. Rd1 Qc7 26. Bxe5 Rxe5 27. c4 Nf6
28. Qd2 Kf8 29. b4 axb4 30. axb4 Re7 31. Qc2 Qe5 32. Rd4 h5 33. gxh5 Qxh5 34.
Rd8+ Re8 35. Rxe8+ Kxe8 36. Qa4 Kd7 37. b5 Qc5 38. Qa8 Kc7 39. bxc6 bxc6 40.
Qh8 Qxc4 41. Qxg7 Ne8 42. Qe5+ Kd7 43. Qxe4 Qxe4 44. Bxe4 Nd6 45. Bc2 c5 46.
Kg2 Ke6 47. Kf3 Ke5 48. h4 c4 49. Ke2 Nf5 50. f4+ Kf6 51. Bxf5 Kxf5 52. h5 1-0

[Event "IX Open Vallee d'Aoste A"]
[Site "Saint Vincent - Chatillon ITA"]
[Date "2001.02.04"]
[Round "2"]
[White "Atalik, Suat"]
[Black "Bellia, Fabrizio"]
[Result "1-0"]
[WhiteElo "2543"]
[BlackElo "2384"]
[PlyCount "55"]
[EventDate "2001.02.03"]

1. d4 Nf6 2. c4 e6 3. Nf3 b6 4. g3 Ba6 5. b3 Bb4+ 6. Bd2 Be7 7. Nc3 d5 8. cxd5
exd5 9. Bg2 O-O 10. O-O Ne4 11. Ne5 Nxd2 12. Qxd2 c6 13. Rfd1 Bb7 14. e4 f6 15.
Nd3 dxe4 16. Nf4 Qd7 17. Bxe4 Na6 18. Qe2 f5 19. Bd3 Nc7 20. Bc4+ Nd5 21. Qf3
Rfd8 22. Re1 Bb4 23. Re5 Bxc3 24. Qxc3 Kh8 25. Bxd5 cxd5 26. Rae1 g6 27. Re7
Qc6 28. Qe3 1-0

[Event "IX Open Vallee d'Aoste A"]
[Site "Saint Vincent - Chatillon ITA"]
[Date "2001.02.04"]
[Round "2"]
[White "Castaldo, Folco"]
[Black "Del Rio Angelis, Salvador Gabriel"]
[Result "1-0"]
[WhiteElo "2298"]
[BlackElo "2472"]
[PlyCount "42"]
[EventDate "2001.02.03"]

1. e4 c5 2. c3 e6 3. d4 d5 4. exd5 exd5 5. Nf3 Nc6 6. Bb5 Bd6 7. dxc5 Bxc5 8.
O-O Nge7 9. Nbd2 O-O 10. Nb3 Bb6 11. Re1 Bg4 12. Be3 Bxe3 13. Rxe3 Nf5 14. Re1
Nce7 15. Be2 Nd6 16. Ne5 Bxe2 17. Qxe2 Re8 18. Qf3 Qc8 19. Nd4 Ndf5 20. Nxf7
Nh4 21. Qh5 Neg6 1-0

[Event "IX Open Vallee d'Aoste A"]
[Site "Saint Vincent - Chatillon ITA"]
[Date "2001.02.04"]
[Round "2"]
[White "Delanoy, Arnaud"]
[Black "Rytshagov, Mikhail"]
[Result "1/2-1/2"]
[WhiteElo "2192"]
[BlackElo "2525"]
[PlyCount "104"]
[EventDate "2001.02.03"]

1. e4 g6 2. d4 Bg7 3. Nc3 c6 4. Nf3 d5 5. h3 Nh6 6. Bf4 dxe4 7. Nxe4 Nf5 8. c3
O-O 9. Bd3 Nd6 10. O-O Nxe4 11. Bxe4 Nd7 12. Qd2 c5 13. Bh6 Nf6 14. Bc2 cxd4
15. Bxg7 Kxg7 16. Qxd4 Qxd4 17. Nxd4 Bd7 18. Rfe1 e6 19. Rad1 Rfd8 20. Re2 Kf8
21. f3 Rac8 22. Kf2 h5 23. h4 Ke7 24. Bb3 Rc5 25. Bc2 b6 26. Nb3 Rd5 27. Rxd5
Nxd5 28. Nd4 Rc8 29. Bb3 Nf6 30. Bc2 Rc5 31. Nb3 Rc7 32. Nd4 Rc5 33. Nb3 Rd5
34. Rd2 Ba4 35. Rxd5 Nxd5 36. Nd4 Bxc2 37. Nxc2 e5 38. g3 b5 39. Ke2 f5 40. Ne3
Ke6 41. Nxd5 Kxd5 42. Ke3 a5 43. b3 a4 44. f4 e4 45. Kd2 Kc5 46. Ke2 b4 47. c4
Kd4 48. Kd1 a3 49. Kd2 e3+ 50. Ke2 Ke4 51. Ke1 Kd4 52. Ke2 Ke4 1/2-1/2

[Event "IX Open Vallee d'Aoste A"]
[Site "Saint Vincent - Chatillon ITA"]
[Date "2001.02.04"]
[Round "2"]
[White "Drasko, Milan"]
[Black "Martorelli, Antonio"]
[Result "1-0"]
[WhiteElo "2510"]
[BlackElo "2315"]
[PlyCount "60"]
[EventDate "2001.02.03"]

1. Nf3 c5 2. c4 Nf6 3. g3 b6 4. Bg2 Bb7 5. O-O e6 6. Nc3 Be7 7. d4 cxd4 8. Qxd4
d6 9. Bg5 a6 10. Bxf6 Bxf6 11. Qd3 Be7 12. Nd4 Bxg2 13. Kxg2 O-O 14. f4 Qc8 15.
Rac1 Nc6 16. Nd5 Bd8 17. Nf3 Qb7 18. Nc3 Be7 19. h4 Rfd8 20. Rfd1 Rac8 21. b3
Nb4 22. Qb1 h6 23. f5 d5 24. fxe6 fxe6 25. Qg6 Bf6 26. a3 Nc6 27. Qg4 dxc4 28.
Qxe6+ Kh8 29. Rxd8+ Rxd8 30. Ne4 Be7 1-0

[Event "IX Open Vallee d'Aoste A"]
[Site "Saint Vincent - Chatillon ITA"]
[Date "2001.02.04"]
[Round "2"]
[White "Genocchio, Daniele"]
[Black "Naumkin, Igor"]
[Result "1/2-1/2"]
[WhiteElo "2278"]
[BlackElo "2446"]
[PlyCount "24"]
[EventDate "2001.02.03"]

1. e4 e6 2. d4 d5 3. e5 c5 4. c3 Nc6 5. Be3 Qb6 6. Qd2 Bd7 7. Nf3 Nh6 8. Be2
Nf5 9. O-O Rc8 10. dxc5 Bxc5 11. Bxc5 Qxc5 12. Bd3 Nfe7 1/2-1/2

[Event "IX Open Vallee d'Aoste A"]
[Site "Saint Vincent - Chatillon ITA"]
[Date "2001.02.04"]
[Round "2"]
[White "Gleizerov, Evgeny"]
[Black "Vezzosi, Paolo"]
[Result "1-0"]
[WhiteElo "2586"]
[BlackElo "2423"]
[PlyCount "65"]
[EventDate "2001.02.03"]

1. d4 d6 2. Nf3 Bg4 3. c4 Nd7 4. e4 e5 5. Be2 Be7 6. Ng1 Bxe2 7. Nxe2 Ngf6 8.
Nbc3 O-O 9. O-O Re8 10. Ng3 Bf8 11. Be3 c6 12. d5 g6 13. f3 h5 14. Qd2 Nh7 15.
dxc6 bxc6 16. b4 Nb6 17. Qd3 Qe7 18. b5 Rec8 19. bxc6 Rxc6 20. Nd5 Qb7 21. Rfc1
Be7 22. Rab1 Bd8 23. a4 Qd7 24. Nb4 Rcc8 25. a5 Na4 26. c5 Bxa5 27. c6 Qd8 28.
Nd5 Bb6 29. Bxb6 axb6 30. Qe3 Ra6 31. c7 Qd7 32. Qh6 Qe6 33. Nxh5 1-0

[Event "IX Open Vallee d'Aoste A"]
[Site "Saint Vincent - Chatillon ITA"]
[Date "2001.02.04"]
[Round "2"]
[White "Lanzani, Mario"]
[Black "Lalic, Bogdan"]
[Result "1/2-1/2"]
[WhiteElo "2399"]
[BlackElo "2536"]
[PlyCount "21"]
[EventDate "2001.02.03"]

1. e4 e5 2. Nf3 Nf6 3. Nxe5 d6 4. Nf3 Nxe4 5. Qe2 Qe7 6. d3 Nf6 7. Bg5 Nbd7 8.
Nc3 Qxe2+ 9. Bxe2 Be7 10. O-O Nb6 11. Nb5 1/2-1/2

[Event "IX Open Vallee d'Aoste A"]
[Site "Saint Vincent - Chatillon ITA"]
[Date "2001.02.04"]
[Round "2"]
[White "Lo Curto, Emanuele"]
[Black "Del Giudice, Stefano"]
[Result "0-1"]
[WhiteElo "2106"]
[BlackElo "1573"]
[PlyCount "66"]
[EventDate "2001.02.03"]

1. e4 c5 2. Nf3 Nc6 3. d4 cxd4 4. Nxd4 Qb6 5. Nb3 Nf6 6. Nc3 e6 7. Be3 Qc7 8.
a3 Be7 9. Qd2 d6 10. Be2 a6 11. f4 O-O 12. O-O b5 13. Bf3 Bb7 14. Qf2 Nd7 15.
Rad1 Rac8 16. Kh1 b4 17. axb4 Nxb4 18. Nd4 Nc6 19. Qg3 Bf6 20. Qf2 Nxd4 21.
Bxd4 e5 22. Be3 exf4 23. Bxf4 Be5 24. Bg4 Rce8 25. Nd5 Bxd5 26. Rxd5 Nf6 27.
Bf5 Bxf4 28. Qxf4 Nxd5 29. exd5 Re5 30. c4 Qe7 31. h3 Re1 32. Qf2 Rxf1+ 33.
Qxf1 Re8 0-1

[Event "IX Open Vallee d'Aoste A"]
[Site "Saint Vincent - Chatillon ITA"]
[Date "2001.02.04"]
[Round "2"]
[White "Masserey, Yvan"]
[Black "Sermek, Drazen"]
[Result "1/2-1/2"]
[WhiteElo "2349"]
[BlackElo "2515"]
[PlyCount "65"]
[EventDate "2001.02.03"]

1. e4 c6 2. d4 d5 3. Nc3 dxe4 4. Nxe4 Bf5 5. Ng3 Bg6 6. h4 h6 7. Nf3 Nd7 8. h5
Bh7 9. Bd3 Bxd3 10. Qxd3 e6 11. Bd2 Ngf6 12. O-O-O Be7 13. Ne4 Nxe4 14. Qxe4
Nf6 15. Qe2 Qd5 16. c4 Qe4 17. Qxe4 Nxe4 18. Be3 Bg5 19. Nxg5 hxg5 20. g4 f6
21. Kc2 Kf7 22. Kd3 Nd6 23. f4 gxf4 24. Bxf4 Rad8 25. b3 Rd7 26. Rhe1 Nc8 27.
Kc3 Ne7 28. Rf1 Ng8 29. Rd2 Ne7 30. Re2 Rhd8 31. Rd2 Rh8 32. Re2 Rhd8 33. Rd2
1/2-1/2

[Event "IX Open Vallee d'Aoste A"]
[Site "Saint Vincent - Chatillon ITA"]
[Date "2001.02.04"]
[Round "2"]
[White "Nevednichy, Vladislav"]
[Black "Sedina, Elena"]
[Result "1-0"]
[WhiteElo "2563"]
[BlackElo "2393"]
[PlyCount "117"]
[EventDate "2001.02.03"]

1. e4 e6 2. d4 d5 3. Nd2 c5 4. exd5 exd5 5. Bb5+ Nc6 6. Qe2+ Be7 7. dxc5 Nf6 8.
Ngf3 O-O 9. Nb3 Re8 10. Be3 Ne4 11. O-O Nxc5 12. Nbd4 Bd7 13. Rad1 a6 14. Bxc6
bxc6 15. c4 Bd6 16. Qc2 Ne4 17. Rfe1 Qc7 18. cxd5 cxd5 19. Qxc7 Bxc7 20. Nb3
Be6 21. Nfd4 Bd6 22. Rc1 Rac8 23. f3 Nf6 24. g3 h6 25. Kf2 Bd7 26. Ne2 a5 27.
Bc5 Be5 28. Bd4 a4 29. Bxe5 Rxe5 30. Rxc8+ Bxc8 31. Nc5 d4 32. Nxa4 Ra5 33. Nb6
Ba6 34. a4 Bxe2 35. Kxe2 Ra6 36. Nc4 Rxa4 37. Kd3 Nd5 38. Kxd4 Nb6 39. b3 Rb4
40. Re3 Nd7 41. Kd5 Kf8 42. Nd6 Rb8 43. Kc6 Nf6 44. Rd3 g6 45. Kc7 Rb4 46. Nc4
Ke7 47. Nb6 Rb5 48. Kc6 Re5 49. Nc4 Rh5 50. Rd2 Rf5 51. f4 g5 52. Re2+ Kf8 53.
Re5 Ng8 54. Rxf5 Ne7+ 55. Kd6 Nxf5+ 56. Ke5 Ne7 57. fxg5 hxg5 58. Kf6 g4 59.
Ne3 1-0

[Event "IX Open Vallee d'Aoste A"]
[Site "Saint Vincent - Chatillon ITA"]
[Date "2001.02.04"]
[Round "2"]
[White "Ortega, Lexy"]
[Black "Mukic, Josko"]
[Result "0-1"]
[WhiteElo "2472"]
[BlackElo "2268"]
[PlyCount "68"]
[EventDate "2001.02.03"]

1. d4 Nf6 2. c4 e5 3. dxe5 Ng4 4. Bf4 g5 5. Bg3 Bg7 6. Nf3 Nc6 7. Nc3 Ngxe5 8.
Nxe5 Nxe5 9. e3 h5 10. h3 b6 11. Be2 Bb7 12. O-O g4 13. Nd5 c6 14. Nc3 Qe7 15.
Rc1 f5 16. e4 fxe4 17. Nxe4 d5 18. cxd5 cxd5 19. Bh4 Qxh4 20. Nd6+ Kf8 21. Nxb7
gxh3 22. g3 Qe4 23. f3 Qe3+ 24. Kh2 h4 25. g4 Ng6 26. Qd3 Qf4+ 27. Kh1 Be5 28.
Qf5+ Qxf5 29. gxf5 Nf4 30. Rfe1 Nxe2 31. Rxe2 Bf4 32. Rc6 Rh7 33. Rf6+ Rf7 34.
Rc6 Rxb7 0-1

[Event "IX Open Vallee d'Aoste A"]
[Site "Saint Vincent - Chatillon ITA"]
[Date "2001.02.04"]
[Round "2"]
[White "Paragua, Mark"]
[Black "Fominyh, Alexander"]
[Result "0-1"]
[WhiteElo "2432"]
[BlackElo "2582"]
[PlyCount "86"]
[EventDate "2001.02.03"]

1. Nf3 c5 2. g3 g6 3. Bg2 Bg7 4. O-O Nc6 5. e4 Nf6 6. d3 O-O 7. c3 e5 8. Nbd2
d5 9. Qb3 d4 10. cxd4 cxd4 11. Nc4 Ne8 12. Bd2 h6 13. a4 Rb8 14. Qa3 Nc7 15.
Rac1 Re8 16. Rc2 Bf8 17. Qa1 Na6 18. Ne1 Nab4 19. Bxb4 Nxb4 20. Re2 Qc7 21. b3
b5 22. axb5 Rxb5 23. f4 exf4 24. gxf4 Nd5 25. Ref2 Ne3 26. Nxe3 dxe3 27. Re2
Rxb3 28. Qa4 Bg4 29. Bf3 Bxf3 30. Nxf3 Reb8 31. Ne5 Bg7 32. d4 R3b4 33. Qa1
Bxe5 34. fxe5 Qd7 35. Rxe3 Qg4+ 36. Rg3 Qxe4 37. Qxa7 R4b7 38. Qa2 Qxd4+ 39.
Kh1 Qe4+ 40. Kg1 Re8 41. Qd2 Rb1 42. Qxh6 Rxf1+ 43. Kxf1 Rxe5 0-1

[Event "IX Open Vallee d'Aoste A"]
[Site "Saint Vincent - Chatillon ITA"]
[Date "2001.02.04"]
[Round "2"]
[White "Rogers, Ian"]
[Black "Socko, Monika"]
[Result "1-0"]
[WhiteElo "2529"]
[BlackElo "2348"]
[PlyCount "135"]
[EventDate "2001.02.03"]

1. d4 Nf6 2. c4 g6 3. Nc3 Bg7 4. e4 d6 5. f3 O-O 6. Bg5 a6 7. Qd2 Nbd7 8. Nge2
c5 9. d5 b5 10. cxb5 Qa5 11. Ng3 Nb6 12. a4 axb5 13. Bxb5 Ba6 14. Rb1 Bxb5 15.
axb5 h6 16. Bxf6 Bxf6 17. O-O Kh7 18. Qd3 Qb4 19. Nge2 Nc4 20. Kh1 Bg7 21. f4
Kh8 22. h3 Qb3 23. Rfd1 Qb4 24. Rdc1 Rfb8 25. Kh2 Na5 26. h4 Nb3 27. Rf1 Nd4
28. h5 Nxb5 29. hxg6 fxg6 30. e5 dxe5 31. Qxg6 Nd4 32. Ng3 Qb6 33. Qh5 exf4 34.
Rxf4 Qd6 35. Rf7 Rb6 36. Re1 Ra7 37. Nce4 Qg6 38. d6 Qxh5+ 39. Nxh5 Be5+ 40.
Kh1 Nc6 41. d7 Rxd7 42. Nef6 exf6 43. Rxd7 Rb4 44. g3 Rg4 45. b3 Rg6 46. Rb7
Nd4 47. Ra1 Nf5 48. Ra8+ Rg8 49. Rxg8+ Kxg8 50. Kg2 c4 51. bxc4 Ne3+ 52. Kf3
Nxc4 53. Rg7+ Kh8 54. Rd7 Nb6 55. Rd8+ Kh7 56. Nxf6+ Bxf6 57. Rd6 Nd7 58. Rxd7+
Kg6 59. Rd6 Kf5 60. Rd5+ Kg6 61. Kg4 Be7 62. Ra5 Bb4 63. Ra6+ Kg7 64. Kf5 Bc5
65. Rc6 Bf2 66. Rc7+ Kf8 67. g4 Be3 68. Kg6 1-0

[Event "IX Open Vallee d'Aoste A"]
[Site "Saint Vincent - Chatillon ITA"]
[Date "2001.02.04"]
[Round "2"]
[White "Sarno, Spartaco"]
[Black "Romanishin, Oleg M."]
[Result "1/2-1/2"]
[WhiteElo "2407"]
[BlackElo "2559"]
[PlyCount "66"]
[EventDate "2001.02.03"]

1. Nf3 Nf6 2. c4 e6 3. g3 a6 4. Bg2 b5 5. b3 Bb7 6. O-O c5 7. Bb2 Be7 8. e3 d6
9. Nc3 b4 10. Ne2 Nbd7 11. a3 O-O 12. d4 a5 13. axb4 axb4 14. Nf4 Rxa1 15. Qxa1
Qc7 16. Ng5 Bxg2 17. Nxg2 Qb7 18. Qd1 Ra8 19. Nf4 h6 20. Nf3 Ra2 21. Nd3 Ne4
22. Nd2 Nc3 23. Qf3 Qa7 24. Ne4 Qa8 25. Bxc3 bxc3 26. Kg2 Ra3 27. Rc1 f5 28.
Nxc3 Qxf3+ 29. Kxf3 Rxb3 30. Ke2 cxd4 31. exd4 Bf6 32. Nb5 d5 33. Nc7 dxc4
1/2-1/2

[Event "IX Open Vallee d'Aoste A"]
[Site "Saint Vincent - Chatillon ITA"]
[Date "2001.02.04"]
[Round "2"]
[White "Socko, Bartosz"]
[Black "Mantovani, Renzo"]
[Result "1-0"]
[WhiteElo "2557"]
[BlackElo "2391"]
[PlyCount "99"]
[EventDate "2001.02.03"]

1. e4 c5 2. Nf3 d6 3. d4 cxd4 4. Nxd4 Nf6 5. Nc3 Nc6 6. Bg5 e6 7. Qd2 Nxd4 8.
Qxd4 Be7 9. O-O-O O-O 10. f3 a6 11. h4 b5 12. Kb1 Bb7 13. g4 Rc8 14. Bd3 Qc7
15. h5 h6 16. Bh4 Qc5 17. Qxc5 Rxc5 18. a4 b4 19. Na2 a5 20. Nc1 Ra8 21. Nb3
Rcc8 22. Bb5 Kf8 23. g5 Ng8 24. gxh6 Nxh6 25. Bxe7+ Kxe7 26. Rhg1 Rg8 27. Rd2
g5 28. hxg6 Rxg6 29. Rgd1 e5 30. Bc4 Rf6 31. Bd5 Bxd5 32. Rxd5 Rxf3 33. Nxa5
Ra6 34. Nc4 b3 35. Rxd6 bxc2+ 36. Kxc2 Rxd6 37. Nxd6 Rf6 38. Nc4 Ng4 39. a5 Rc6
40. Kb3 Nf2 41. Nxe5 Rc5 42. Rd5 Nxe4 43. Rxc5 Nxc5+ 44. Kc4 Ne6 45. Kb5 f6 46.
Nd3 Kd8 47. Nc5 Nc7+ 48. Kc6 Kc8 49. a6 f5 50. a7 1-0

[Event "IX Open Vallee d'Aoste A"]
[Site "Saint Vincent - Chatillon ITA"]
[Date "2001.02.04"]
[Round "2"]
[White "Valdes Romero, Leonardo"]
[Black "Chatalbashev, Boris"]
[Result "0-1"]
[WhiteElo "2338"]
[BlackElo "2509"]
[PlyCount "92"]
[EventDate "2001.02.03"]

1. Nf3 g6 2. c4 Bg7 3. Nc3 c5 4. g3 Nc6 5. Bg2 Nh6 6. O-O Nf5 7. Rb1 O-O 8. a3
a5 9. d3 d6 10. Bd2 Bd7 11. Ne1 Rb8 12. Nc2 Nfd4 13. Nxd4 cxd4 14. Nb5 Qc8 15.
b4 axb4 16. axb4 Bh3 17. Na3 Ne5 18. Qb3 h5 19. Rfc1 b6 20. Bd5 h4 21. Qd1 Qf5
22. Bg2 Bxg2 23. Kxg2 Qh5 24. f3 f5 25. Nb5 Nf7 26. Nc7 e5 27. Nd5 e4 28. dxe4
fxe4 29. g4 Qe5 30. f4 Qe6 31. e3 d3 32. f5 gxf5 33. gxf5 Qh6 34. Qg4 Qg5 35.
h3 Qxg4+ 36. hxg4 Ng5 37. Bc3 Bxc3 38. Nxc3 Ra8 39. Rb2 Rf7 40. Nd5 Rfa7 41.
Nxb6 Ra2 42. Rcb1 Rxb2+ 43. Rxb2 Ra1 44. c5 Rc1 45. Na4 Rc2+ 46. Kf1 h3 0-1

[Event "IX Open Vallee d'Aoste A"]
[Site "Saint Vincent - Chatillon ITA"]
[Date "2001.02.04"]
[Round "2"]
[White "Vescovi Portilho, Giovanni"]
[Black "Moreda, Lucas"]
[Result "1-0"]
[WhiteElo "2519"]
[BlackElo "2309"]
[PlyCount "45"]
[EventDate "2001.02.03"]

1. e4 c6 2. d4 d5 3. exd5 cxd5 4. c4 Nf6 5. Nc3 Nc6 6. Bg5 Qa5 7. Qd2 Bf5 8.
Nf3 Nb4 9. Rc1 dxc4 10. Bxc4 Rc8 11. Ne5 Rxc4 12. Nxc4 Qa6 13. O-O Qxc4 14. Qf4
Qc8 15. Nb5 Nc6 16. Bxf6 gxf6 17. d5 Bd3 18. Nc7+ Qxc7 19. Qxc7 Nd8 20. Rfe1
Bf5 21. d6 e5 22. d7+ Ke7 23. Rcd1 1-0

[Event "IX Open Vallee d'Aoste A"]
[Site "Saint Vincent - Chatillon ITA"]
[Date "2001.02.04"]
[Round "2"]
[White "Zelcic, Robert"]
[Black "Scerbo, Antonio"]
[Result "1-0"]
[WhiteElo "2500"]
[BlackElo "2095"]
[PlyCount "63"]
[EventDate "2001.02.03"]

1. e4 c5 2. Nf3 Nc6 3. d4 cxd4 4. Nxd4 Nf6 5. Nc3 e5 6. Ndb5 d6 7. Nd5 Nxd5 8.
exd5 Ne7 9. c3 Nf5 10. a4 Be7 11. Bd3 O-O 12. O-O a6 13. Na3 Nh4 14. f4 f5 15.
Nc4 Ng6 16. g3 b6 17. Be3 Rb8 18. a5 b5 19. Nb6 exf4 20. gxf4 Bf6 21. Qf3 Ne7
22. Rae1 Bb7 23. Bf2 g6 24. Re6 Nc8 25. Qg2 Kf7 26. Rxf6+ Qxf6 27. Nd7 Qd8 28.
Nxb8 Qxa5 29. Bd4 Ne7 30. Nc6 Qc7 31. Nxe7 Qxe7 32. b3 1-0

[Event "IX Open Vallee d'Aoste A"]
[Site "Saint Vincent - Chatillon ITA"]
[Date "2001.02.05"]
[Round "3"]
[White "Castaldo, Folco"]
[Black "Rogers, Ian"]
[Result "0-1"]
[WhiteElo "2298"]
[BlackElo "2529"]
[PlyCount "46"]
[EventDate "2001.02.03"]

1. e4 e6 2. d4 d5 3. exd5 exd5 4. Nf3 Nf6 5. c4 Be7 6. Nc3 O-O 7. Be3 dxc4 8.
Bxc4 Nbd7 9. h3 Nb6 10. Bb3 Nbd5 11. O-O c6 12. Bc2 Qb6 13. Qd2 Re8 14. Rae1
Bf8 15. Ne5 Be6 16. f4 Nxe3 17. Rxe3 Rad8 18. f5 Bxa2 19. Nxa2 Rxd4 20. Qf2 Bc5
21. Kh1 Rdd8 22. Nc4 Bxe3 23. Qf3 Qb5 0-1